تحميل...

Reform perspective of Indian economy /

التفاصيل البيبلوغرافية
المؤلف الرئيسي: Mathur, B. L.
التنسيق: Printed Book
اللغة:English
منشور في: Jaipur : Wide Vision, 2003.
الموضوعات:
LEADER 00705nam a2200181Ia 4500
008 150624b xxu||||| |||| 00| 0 eng d
020 |a 8180680053 
020 |a 8180680053 
082 |a 330.954 
100 |a Mathur, B. L. 
245 |a Reform perspective of Indian economy /  |c B. L. Mathur 
260 |a Jaipur :  |b Wide Vision,  |c 2003. 
300 |a 232 p. 
505 |a 1.Strategy for economic reform 2. Agriculture sector reform 3. Industries policy reform 4. Foreign trade reform 5. Infrastructure sector reform 
650 |x Indian economy. 
942 |c BK 
999 |c 57796  |d 57796 
952 |0 0  |1 0  |4 0  |6 330_954000000000000_MAT_R  |7 0  |9 57774  |a UL  |b UL  |c ST1  |d 2012-10-27  |l 0  |o 330.954 MAT/R  |p 83232  |r 2012-10-27  |w 2012-10-27  |y BK